000
00254nam a2200097Ia 4500
008
230508s2006 xx 000 0 und d
041
_a
eng
100
_a
NANASAHEB SALUNKHE
245
_a
SHAHUNCHYA ATHAWANI (MARATHI)
260
_b
VRUSHALI PRAKASHAN K
_c
2006
999
_c
312475
_d
312475